Maly rocznik statystyczny 1988 Rok 31

Gespeichert in:
Bibliographische Detailangaben
Format: Buch
Sprache:Polnisch
Veröffentlicht: Warszawa Glówny urzad statystyczny 1988
Ausgabe:1. wyd.
Tags: Tag hinzufügen
Keine Tags, Fügen Sie das erste Tag hinzu!

MARC

LEADER 00000nam a2200000 4500
001 c027355
005 20221219123413.2
041 0 |a pol 
044 |a PL 
245 1 0 |a Maly rocznik statystyczny 1988  |b Rok 31 
250 |a 1. wyd. 
264 1 |a Warszawa  |b Glówny urzad statystyczny  |c 1988 
300 |a 417 s.